000 01554cam a2200337 a 4500
001 14928
003 BD-RjUL
005 20211208235722.0
008 140208s1994 ii ab b 000 0 eng
020 _a8120409310
035 _a(BD-RjUL)14982
040 _aDLC
_cDLC
_dDLC
_dBD-RjUL
_beng
041 _aeng
082 _a631.4954
_bSES
100 1 _aSehgal, J. L.
_946480
245 1 0 _aSoil degradation in India :
_bstatus and impact /
_cJ. Sehgal, I.P. Abrol ; associates (soil degradation mapping) R.K. Saxena, R.M. Pofali.
260 _aNew Delhi :
_bOxford & IBH Pub. Co.,
_c1994.
300 _a80 p. :
_bill., maps ;
_c29 cm.
500 _aImprint on cover: Nagpur : National Bureau of Soil Survey & Land Use Planning, Indian Council of Agricultural Research.
500 _a"India, soil degradation : human induced, 3rd approximation / prepared by National Bureau of Soil Survey & Land Use Planning, Indian Council of Agricultural Research. Scale 1 : 4,400,000. 1 cm. = 44 kms.": 1 col. map ; 96 x 66 cm. folded to 21 x 26 cm. inserted.
504 _aIncludes bibliographical references (p. 75-78).
650 0 _aSoil degradation
_zIndia.
_946481
650 0 _aAgricultural ecology
_zIndia.
_946482
650 0 _aAgricultural geography
_zIndia
_xMaps.
_946483
700 1 _aAbrol, I. P.
_946484
700 1 _aSaxena, R. K.
_946485
700 1 _aPofali, R. M.,
_d1935-
_946486
710 2 _aIndian Council of Agricultural Research.
_bNational Bureau of Soil Survey and Land Use Planning.
_946487
942 _2ddc
_cBK
999 _c14928
_d14928